Getting in getting on in construction (Record no. 110851)

MARC details
000 -LEADER
fixed length control field 01085cad a22002175a 4500
001 - CONTROL NUMBER
control field E150388
008 - FIXED-LENGTH DATA ELEMENTS--GENERAL INFORMATION
fixed length control field 100707s2008 xxk f 000 0 eng d
035 ## - SYSTEM CONTROL NUMBER
System control number (Sirsi) u150388
041 0# - LANGUAGE CODE
Language code of text/sound track or separate title eng
100 1# - MAIN ENTRY--PERSONAL NAME
Personal name Sharapov, Kiril
245 00 - TITLE STATEMENT
Title Getting in getting on in construction
Remainder of title experiences of women and men studying construction in Scotland
Medium [electronic resource]
260 ## - PUBLICATION, DISTRIBUTION, ETC.
Place of publication, distribution, etc. Edinburgh
Name of publisher, distributor, etc. Napier University
Date of publication, distribution, etc. 2008
520 ## - SUMMARY, ETC.
Summary, etc. Looks at the factors which affect the progression of built environment graduates into employment in the Scottish construction industry. Examines why students chose construction; whether they felt prepared for their first job; and whether there are any issues which particularly affect female graduates.
590 ## - LOCAL NOTE (RLIN)
Local note KA
651 #4 - SUBJECT ADDED ENTRY--GEOGRAPHIC NAME
Geographic name Scotland
Chronological subdivision 1999-
690 ## - LOCAL SUBJECT ADDED ENTRY--TOPICAL TERM (OCLC, RLIN)
Topical term or geographic name as entry element CAREERS, EDUCATION AND TRAINING
690 ## - LOCAL SUBJECT ADDED ENTRY--TOPICAL TERM (OCLC, RLIN)
Topical term or geographic name as entry element BUILT ENVIRONMENT
700 1# - ADDED ENTRY--PERSONAL NAME
Personal name Tizard, Jenny
856 40 - ELECTRONIC LOCATION AND ACCESS
Uniform Resource Identifier <a href="https://www.napier.ac.uk/randkt/rktcentres/src/publicationsandresearch/Documents/FinalReportWeb.pdf">https://www.napier.ac.uk/randkt/rktcentres/src/publicationsandresearch/Documents/FinalReportWeb.pdf</a>
Public note View the report free of charge (PDF file) at www.napier.ac.uk
942 ## - ADDED ENTRY ELEMENTS (KOHA)
Suppress in OPAC 0
Holdings
Withdrawn status Lost status Source of classification or shelving scheme Damaged status Not for loan Home library Current library Shelving location Date acquired Total Checkouts Full call number Barcode Date last seen Copy number Price effective from Koha item type
    Dewey Decimal Classification     Virtual Virtual Online 07/07/2010   ONLINE PUBLICATION 150388-2001 06/08/2019 1 06/08/2019 Book